Detalles MARC
| 000 -LIDER |
| fixed length control field |
01015nam a22003137a 4500 |
| 001 - NÚMERO DE CONTROL |
| Identificador de número de control |
12457 |
| 003 - IDENTIFICACDOR DE NÚMERO DE CONTROL |
| control field |
DO-SdBNP |
| 005 - DATE AND TIME OF LATEST TRANSACTION |
| control field |
20171110093123.0 |
| 007 - CAMPOS FIJOS DE DESCRIPCIÓN FÍSICA |
| fixed length control field |
12457 |
| 008 - ELEMENTOS DE LONGITUD FIJA |
| fixed length control field |
160919b 2uu ck |||| |||| 00| 0 spa d |
| 020 ## - ISBN |
| International Standard Book Number |
9789586774468 |
| 040 ## - FUENTE DE CATALOGACIÓN |
| Agencia que crea de manera original el registro |
BPMSU |
| Idioma de catalogación |
spa |
| Agencia que realiza la transcripción |
BPMSU |
| 082 #4 - NÚMERO DE CLASIFICACIÓN DECIMAL DE DEWEY |
| Classification number |
613.04244 |
| Item number |
M953a |
| 245 00 - MENCIÓN DE TITULO |
| Título |
Mujer actual : |
| Subtítulo |
salud y belleza / |
| Mención de responsabilidad |
editor Francisco De Elorza Ajamil ; colaboradores Rosa Ordóñez, Michael Hernández, Óscar Palacio |
| 260 ## - PUBLICACIÓN, DISTRIBUCIÓN, ETC. (PIE DE IMPRENTA) |
| Lugar de publicación, distribución, etc |
Colombia : |
| Nombre del editor, distribuidor, etc. |
Zamora |
| Fecha de publicación, distribución, etc |
[200?] |
| 300 ## - DESCRIPCIÓN FÍSICA |
| Extensión |
298 p. : |
| Otros detalles físicos |
il. ; |
| Dimensiones |
29 cm. |
| 650 #4 - ENCABEZAMIENTO DE MATERIA--TEMÁTICO |
| Término temático o nombre geográfico como elemento de entrada |
SALUD DE LA MUJER |
| 650 #4 - ENCABEZAMIENTO DE MATERIA--TEMÁTICO |
| Término temático o nombre geográfico como elemento de entrada |
BELLEZA PERSONAL |
| 650 #4 - ENCABEZAMIENTO DE MATERIA--TEMÁTICO |
| Término temático o nombre geográfico como elemento de entrada |
EJERCICIO PARA MUJERES |
| 650 #4 - ENCABEZAMIENTO DE MATERIA--TEMÁTICO |
| Término temático o nombre geográfico como elemento de entrada |
BELLEZA PERSONAL |
| 700 12 - ASIENTO SECUNDARIO -- NOMBRE PERSONAL |
| Nombre personal |
De Elorza Ajamil, Francisco |
| Mención de responsabilidad |
editor |
| 700 12 - ASIENTO SECUNDARIO -- NOMBRE PERSONAL |
| Nombre personal |
Ordóñez, Rosa |
| Mención de responsabilidad |
col. |
| 700 12 - ASIENTO SECUNDARIO -- NOMBRE PERSONAL |
| Nombre personal |
Hernández, Michael |
| Mención de responsabilidad |
col. |
| 700 ## - ASIENTO SECUNDARIO -- NOMBRE PERSONAL |
| Nombre personal |
Palacio, Óscar |
| Mención de responsabilidad |
colaborador |
| 910 ## - VALIDACIÓN |
| Validación |
Validado. Control de calidad MFF |
| 942 ## - ADDED ENTRY ELEMENTS (KOHA) |
| Source of classification or shelving scheme |
Dewey Decimal Classification |
| Koha item type |
Libros |
| 945 ## - INFORMACIÓN DE PROCESAMIENTO LOCAL |
| Información de procesamiento local |
Inventariado, 2017/MFF |
| 956 ## - LOCAL ELECTRONIC LOCATION AND ACCESS (OCLC) |
| Nombre de host |
VMATEO |
| Número de acceso |
10 |
| Información de compresión |
20160919 |
| Trayectoria |
BPMSU |
| Nombre Electrónico |
00069 |